000 00462pab a2200169 454500
008 180718b2004 xxu||||| |||| 00| 0 eng d
100 _aHill, Carolyn J.
245 _aGovernance and public management, an introduction
260 _c2004
300 _ap.3-11.
362 _aWinter
650 _aGood governance
650 _aPublic administration
700 _aLynn, Laurence E. Jr.
773 _aJournal of Policy Analysis and Management
909 _a59304
999 _c59304
_d59304